|
|
|
|
| LEADER |
00000nab a2200000 a 4500 |
| 001 |
vtls000519255 |
| 003 |
SK-MaSNL |
| 005 |
20260303185059.0 |
| 008 |
131029c1994 xo 0 slo |
| 015 |
|
|
|a SNBRB19rr/mm-uuuuu
|
| 035 |
|
|
|a CL0519393
|
| 040 |
|
|
|a SNKBUCL
|b slo
|c SNKBUCL
|e AACR2
|
| 041 |
0 |
|
|a slo
|
| 044 |
|
|
|a xo
|c SK
|
| 080 |
|
|
|a 82.091(048)
|2 1981
|
| 100 |
1 |
|
|a Červeňák, Andrej,
|d 1932-2012
|4 aut
|9 153402
|
| 245 |
1 |
0 |
|a Ďurišin kulminuje
|c Andrej Červeňák
|
| 650 |
0 |
7 |
|a spoločenstvá medziliterárne osobitné
|2 snkbucl
|9 976239
|
| 650 |
0 |
7 |
|a vzťahy medziliterárne
|2 snkbucl
|9 725857
|
| 650 |
0 |
7 |
|a literárna komparatistika
|2 snkbucl
|9 62017
|
| 655 |
|
7 |
|a články z novín a časopisov
|2 snkbucl
|9 267496
|
| 655 |
|
7 |
|a články z odboru literárna veda a krásna literatúra
|2 snkbucl
|9 770045
|
| 700 |
1 |
|
|a Ďurišin, Dionýz,
|d 1929-1997
|4 aut
|9 106572
|
| 773 |
0 |
|
|t Slovenské pohľady
|g Roč. 4+110, č. 6 (1994), s. 154-155
|
| 787 |
0 |
8 |
|i Rec.:
|a Ďurišin, Dionýz
|t Osobitné medziliterárne spoločenstvá 6
|d Bratislava : Ústav svetovej literatúry SAV, 1993
|
| 850 |
|
|
|a Slovenská národná knižnica v Martine
|a MTA001
|
| 852 |
|
|
|a SNK
|b KIS3GCP
|
| 958 |
|
|
|a RK
|
| 958 |
|
|
|a LX
|
| 992 |
|
|
|a RBX
|
| 999 |
|
|
|c 2129646
|d 2131576
|